[Event "Jm KP I 23-24 Loko Brno B -Letovice"]
[Site "?"]
[Date "2024.03.24"]
[Round "56.6"]
[White "Jacko, Tomas"]
[Black "Lisik, Miroslav"]
[Result "1-0"]
[WhiteElo "2013"]
[BlackElo "1870"]
[PlyCount "105"]

1. d4 Nf6 2. Bf4 c5 3. dxc5 Qa5+ 4. Nc3 Qxc5 5. e4 Nxe4 6. Nxe4 Qb4+ 7. Qd2
Qxe4+ 8. Ne2 e5 9. f3 Qf5 10. Qe3 Nc6 11. O-O-O Be7 12. Bg3 O-O 13. Kb1 Rd8 14.
Nc3 Bg5 15. Qc5 Be7 16. Qe3 b6 17. Bd3 Qh5 18. Rhe1 d6 19. Be4 Bb7 20. Nd5 Bf8
21. Nc7 Rac8 22. Nb5 a6 23. Na7 Nxa7 24. Bxb7 Rb8 25. Bxa6 Nc6 26. Bc4 Nd4 27.
Bd5 Qg6 28. Be4 f5 29. Bd5+ Kh8 30. Qd3 Rbc8 31. c3 Ne6 32. Ka1 Nc5 33. Qf1 Qe8
34. Bf2 Qa4 35. Qc4 Ra8 36. Qxa4 Rxa4 37. b4 Nd7 38. Bc6 Ra6 39. Bb5 Ra7 40.
Bxd7 Rdxd7 41. Bxb6 Rab7 42. Ba5 g6 43. Rd5 Kg7 44. b5 Kf6 45. Bb4 Ke6 46. Red1
f4 47. Kb2 g5 48. a4 Rd8 49. a5 Rdb8 50. c4 h5 51. Bxd6 Bxd6 52. Rxd6+ Kf5 53.
Rh6 1-0

[Event "Jm KP I 23-24 Loko Brno B -Letovice"]
[Site "?"]
[Date "2024.03.24"]
[Round "56.7"]
[White "Licka, Vlastimil"]
[Black "Marek, Jiri"]
[Result "1/2-1/2"]
[WhiteElo "1908"]
[BlackElo "1933"]
[PlyCount "155"]

1. e4 c5 2. Nf3 Nc6 3. d4 cxd4 4. Nxd4 Nf6 5. Nc3 d6 6. Bg5 Qa5 7. Bxf6 gxf6 8.
Qd2 Nxd4 9. Qxd4 Bd7 10. Bd3 Bg7 11. O-O Rc8 12. Nd5 Qc5 13. Qxc5 Rxc5 14. b4
Rc8 15. Rad1 h5 16. f4 Bc6 17. Ne3 Rg8 18. Nf5 Bf8 19. Nd4 Bd7 20. b5 Rc5 21.
a4 Bg4 22. Rd2 Bh6 23. Rdf2 Be6 24. Nxe6 fxe6 25. Re2 e5 26. fxe5 Rxe5 27. Rf5
Rg4 28. Rxe5 fxe5 29. Bc4 Kd7 30. Bd5 b6 31. Kf1 h4 32. Rf2 Bf4 33. Bc6+ Kc7
34. h3 Rg6 35. Rf3 Rf6 36. Ke2 Rg6 37. Kf1 e6 38. Kg1 Rg7 39. Rc3 Bd2 40. Rd3
Bf4 41. Kf1 Rf7 42. Kg1 Rf8 43. Rf3 Rd8 44. Rd3 Kb8 45. Kf1 Kc7 46. Kg1 Rf8 47.
Rf3 Rc8 48. Rd3 Bg3 49. Rf3 Bf4 50. c4 Rg8 51. Kf1 a5 52. Kg1 Rd8 53. Kf1 Rf8
54. Kg1 Rg8 55. Kf1 Rg7 56. Kg1 Kd8 57. Rd3 Ke7 58. Kf1 Rg8 59. Kg1 Rd8 60. Kf1
Rg8 61. Kg1 Rf8 62. Rf3 Kd8 63. Rd3 Kc7 64. Rf3 Rf6 65. Kf1 Rg6 66. Kg1 Rg7 67.
Kf1 Rg8 68. Kg1 Rf8 69. Kf1 Kd8 70. Kg1 Ke7 71. Rd3 Rd8 72. Kf1 Kf6 73. Ke2 Ke7
74. Kf1 Rg8 75. Kg1 Bc1 76. Rf3 Rd8 77. g3 Rg8 78. g4 1/2-1/2

[Event "Jm KP I 23-24 Loko Brno B -Letovice"]
[Site "?"]
[Date "2024.03.24"]
[Round "56.8"]
[White "Mizak, Jan"]
[Black "Blazek, Pavel"]
[Result "1/2-1/2"]
[WhiteElo "1849"]
[BlackElo "1902"]
[PlyCount "38"]

1. d4 e6 2. Bf4 c5 3. c3 Nc6 4. e3 Nf6 5. Nd2 d5 6. Bd3 Bd6 7. Bg3 b6 8. Qa4
Qc7 9. Ngf3 O-O 10. Bxd6 Qxd6 11. O-O c4 12. Be2 Bd7 13. Qc2 b5 14. Rfe1 Ne7
15. Ne5 Ng6 16. Ndf3 Ne4 17. Bf1 Be8 18. g3 f6 19. Nxg6 Bxg6 1/2-1/2

[Event "Jm KP I 23-24 Jundrov C-Rudice"]
[Site "?"]
[Date "2024.03.24"]
[Round "57.1"]
[White "Bednar, Jakub"]
[Black "Rada, Michal"]
[Result "1/2-1/2"]
[WhiteElo "2214"]
[BlackElo "2073"]
[PlyCount "79"]

1. e4 e5 2. Nf3 Nc6 3. Bb5 a6 4. Ba4 Nf6 5. O-O b5 6. Bb3 Be7 7. Re1 O-O 8. a4
b4 9. d4 d6 10. dxe5 Nxe5 11. Nxe5 dxe5 12. Qe2 c5 13. Rd1 Qc7 14. f3 Nh5 15.
Be3 Nf4 16. Qf1 Be6 17. Nd2 Bxb3 18. cxb3 Ne6 19. Rac1 Rfd8 20. Qc4 a5 21. Nf1
g6 22. Rd5 Rac8 23. Nd2 Nf4 24. Bxf4 exf4 25. Qd3 Rxd5 26. exd5 Bf6 27. d6 Qd8
28. Qd5 Bd4+ 29. Kh1 Qd7 30. Ne4 Qe6 31. Qxe6 fxe6 32. g3 fxg3 33. hxg3 Kf7 34.
Rc2 Ke8 35. Rh2 h5 36. g4 hxg4 37. fxg4 Kd7 38. Rh7+ Kc6 39. Kg2 Kd5 40. Nd2
1/2-1/2

[Event "Jm KP I 23-24 Jundrov C-Rudice"]
[Site "?"]
[Date "2024.03.24"]
[Round "57.2"]
[White "Bohacek, Milan"]
[Black "Slepov, Cyril"]
[Result "1/2-1/2"]
[WhiteElo "2028"]
[BlackElo "2167"]
[PlyCount "120"]

1. c4 e5 2. Nc3 Nf6 3. g3 c6 4. Bg2 d5 5. cxd5 cxd5 6. d3 Nc6 7. Bg5 d4 8. Nd5
Be6 9. Nxf6+ gxf6 10. Bd2 Bd5 11. Nf3 f5 12. O-O Be7 13. Qa4 a6 14. Ne1 h5 15.
Bxd5 Qxd5 16. Qc4 Qxc4 17. dxc4 h4 18. Nd3 f4 19. gxf4 e4 20. Ne5 Nxe5 21. fxe5
Rh5 22. e3 Bc5 23. b4 dxe3 24. Bxe3 Bxe3 25. fxe3 Rg5+ 26. Kf2 Rc8 27. Rac1 Ke7
28. Rfd1 Rc6 29. Rd6 h3 30. Rg1 Rf5+ 31. Kg3 Rf3+ 32. Kg4 Rxd6 33. exd6+ Kxd6
34. Rg3 f5+ 35. Kxh3 Rf1 36. Rg7 Re1 37. Rxb7 Rxe3+ 38. Kg2 Re2+ 39. Kg3 Ke5
40. Rf7 Rxa2 41. Re7+ Kd4 42. Rf7 Ra3+ 43. Kg2 Ke5 44. h4 f4 45. h5 Ra2+ 46.
Kg1 f3 47. h6 Rg2+ 48. Kh1 Rg6 49. h7 Rh6+ 50. Kg1 Kd4 51. c5 e3 52. Rxf3 Rxh7
53. Rf6 a5 54. bxa5 Kd5 55. Kf1 Kxc5 56. Ke2 Re7 57. a6 Kd4 58. Rd6+ Ke4 59.
Rb6 Rh7 60. Rb4+ Kd5 1/2-1/2

[Event "Jm KP I 23-24 Jundrov C-Rudice"]
[Site "?"]
[Date "2024.03.24"]
[Round "57.3"]
[White "Svobodova, Michaela"]
[Black "Hnilicka, Michal"]
[Result "1/2-1/2"]
[WhiteElo "1985"]
[BlackElo "1901"]
[PlyCount "120"]

1. e4 e5 2. Nf3 Nf6 3. Nc3 Nc6 4. d4 exd4 5. Nxd4 Bc5 6. Be3 Bxd4 7. Bxd4 Nxd4
8. Qxd4 O-O 9. e5 Ne8 10. O-O-O b6 11. Bc4 Kh8 12. Rhe1 c6 13. Ne4 a5 14. f4 b5
15. Bd3 Nc7 16. Nd6 Nd5 17. Qe4 g6 18. f5 Qg5+ 19. Kb1 a4 20. c4 bxc4 21. Bxc4
Ra5 22. Bxd5 cxd5 23. Rxd5 Qd8 24. Rc1 Ba6 25. f6 h6 26. Qe3 Kh7 27. Rd4 Qb6
28. Re4 Qxe3 29. Rxe3 Kg8 30. Rc7 Rd8 31. Kc2 Bb5 32. Kc3 Bc6 33. g3 Rc5+ 34.
Kd2 Rb8 35. b3 axb3 36. axb3 Ra8 37. b4 Ra2+ 38. Kd3 Be4+ 39. Kxe4 Rxc7 40. Rb3
Ra8 41. b5 Rb8 42. b6 Rc6 43. b7 Rc7 44. Kd5 g5 45. Rb4 Kh7 46. Rc4 Rbxb7 47.
Nxb7 Rxb7 48. Kd6 Rb6+ 49. Ke7 Kg6 50. Rc5 Re6+ 51. Kxd7 Kf5 52. Rd5 h5 53. Kd8
Ke4 54. Rd7 Kxe5 55. Rxf7 Rxf6 56. Rh7 h4 57. gxh4 gxh4 58. Rxh4 Kf5 59. Ke7
Kg5 60. Ra4 Rh6 61. Ra5+ Kh4 1/2-1/2

[Event "Jm KP I 23-24 Jundrov C-Rudice"]
[Site "?"]
[Date "2024.03.24"]
[Round "57.4"]
[White "Saida, Jan"]
[Black "Ruzicka, Frantisek"]
[Result "0-1"]
[WhiteElo "1900"]
[BlackElo "2009"]
[PlyCount "94"]

1. d4 Nf6 2. c4 e6 3. Nf3 d5 4. e3 Be7 5. Nc3 O-O 6. cxd5 exd5 7. Bd3 Nbd7 8.
O-O Re8 9. e4 dxe4 10. Nxe4 Nxe4 11. Bxe4 Nf6 12. Bc2 Bg4 13. Qd3 Bh5 14. Ne5
Bg6 15. Nxg6 hxg6 16. Bb3 Nd5 17. Qb5 Nb6 18. Qd3 Nd5 19. Qb5 Nb6 20. Qd3 Qd6
21. Qf3 Qf6 22. Qxb7 Bd6 23. Be3 a5 24. Bd1 Rxe3 25. fxe3 Bxh2+ 26. Kxh2 Qxf1
27. Qxc7 Nd5 28. Qc6 Rd8 29. Rc1 Nxe3 30. Bf3 Qf2 31. Qb6 Rxd4 32. Qxd4 Nf1+
33. Rxf1 Qxd4 34. b3 f5 35. Rd1 Qh4+ 36. Kg1 g5 37. Bd5+ Kh7 38. Bc4 g4 39. Be6
g6 40. Bc4 g3 41. Bd5 Qf4 42. Bf3 g5 43. Ba8 Qe3+ 44. Kh1 g4 45. Rd7+ Kg6 46.
Rd1 Qe2 47. Ra1 Qe8 0-1

[Event "Jm KP I 23-24 Jundrov C-Rudice"]
[Site "?"]
[Date "2024.03.24"]
[Round "57.5"]
[White "Ruzicka, Martin"]
[Black "Nejezchleb, Drahos"]
[Result "1-0"]
[WhiteElo "1966"]
[BlackElo "1955"]
[PlyCount "95"]

1. d4 d5 2. Nc3 c6 3. Nf3 Bf5 4. Bf4 e6 5. e3 Bd6 6. Bxd6 Qxd6 7. Be2 Nf6 8.
O-O Nbd7 9. Re1 O-O 10. Nh4 Bg6 11. Nxg6 hxg6 12. Rb1 e5 13. Bf1 Rfe8 14. Qd2
exd4 15. exd4 Rxe1 16. Rxe1 Re8 17. Rxe8+ Nxe8 18. Qe3 Nc7 19. a3 Qe6 20. b4
Qxe3 21. fxe3 a6 22. Kf2 Nb5 23. Bxb5 axb5 24. a4 bxa4 25. Nxa4 b5 26. Nc5 Nxc5
27. bxc5 f5 28. h4 Kf7 29. Kf3 b4 30. Kf4 Kf6 31. g4 fxg4 32. Kxg4 Ke6 33. Kf4
Kf6 34. e4 dxe4 35. Kxe4 Ke6 36. d5+ cxd5+ 37. Kd4 g5 38. hxg5 g6 39. c6 Kd6
40. c7 Kxc7 41. Kxd5 Kb6 42. Kc4 Ka5 43. c3 bxc3 44. Kxc3 Kb5 45. Kd4 Kc6 46.
Ke5 Kd7 47. Kf6 Ke8 48. Kxg6 1-0

[Event "Jm KP I 23-24 Jundrov C-Rudice"]
[Site "?"]
[Date "2024.03.24"]
[Round "57.6"]
[White "Toulec, Richard"]
[Black "Sipek, Oldrich"]
[Result "1/2-1/2"]
[WhiteElo "1792"]
[BlackElo "1938"]
[PlyCount "105"]

1. d4 d5 2. Nf3 Nf6 3. Bf4 Nbd7 4. h3 c5 5. e3 Qb6 6. Qc1 Ne4 7. c3 c4 8. Be2
Ndf6 9. O-O Rg8 10. Ng5 Nxg5 11. Bxg5 Ne4 12. Bf4 g5 13. Bh2 f5 14. Bh5+ Kd8
15. Bf7 Rg7 16. Bxd5 Be6 17. Bxe6 Qxe6 18. Nd2 g4 19. hxg4 fxg4 20. Nxe4 Qxe4
21. Qd1 h5 22. Bf4 Rg6 23. Qa4 Qd5 24. Qc2 Rb6 25. e4 Qf7 26. Bg3 Qh7 27. Bh4
Bg7 28. Qe2 Rc8 29. e5 Qd3 30. Qe3 Bh6 31. Qxd3 cxd3 32. Rab1 a5 33. Rfd1 d2
34. Kf1 a4 35. a3 Kd7 36. Ke2 Rb3 37. f3 Rg8 38. Bf2 gxf3+ 39. Kxf3 Rb6 40. Be3
Bxe3 41. Kxe3 Rbg6 42. Rxd2 Rg3+ 43. Ke4 e6 44. Rf2 R8g4+ 45. Rf4 Rxg2 46. Rxg4
Rxg4+ 47. Kf3 Rg5 48. Rh1 Kc6 49. Rh4 Kd7 50. Rf4 Ke7 51. c4 b6 52. Ke3 Rg3+
53. Rf3 1/2-1/2

[Event "Jm KP I 23-24 Jundrov C-Rudice"]
[Site "?"]
[Date "2024.03.24"]
[Round "57.7"]
[White "Tioka, Zdenek"]
[Black "Klinkovsky, Jiri"]
[Result "1-0"]
[WhiteElo "1965"]
[BlackElo "1779"]
[PlyCount "105"]

1. e4 e5 2. Nf3 Nc6 3. d4 exd4 4. Nxd4 Nxd4 5. Qxd4 d6 6. Nc3 Bd7 7. Bc4 Qf6 8.
Be3 Qxd4 9. Bxd4 a6 10. a4 Be6 11. Bd3 Ne7 12. O-O-O Nc6 13. Be3 Be7 14. f4 f6
15. Nd5 O-O-O 16. Rhe1 Rde8 17. h3 Bd8 18. Bf2 g6 19. Be2 Rhf8 20. g4 f5 21.
exf5 gxf5 22. g5 Bf7 23. Bf3 Nb8 24. h4 Nd7 25. b4 c6 26. Nc3 d5 27. Ne2 Bb6
28. Nd4 Bg8 29. c3 Kd8 30. Kd2 c5 31. Nc2 cxb4 32. Bxb6+ Nxb6 33. Nxb4 Nc4+ 34.
Kc1 Nb6 35. a5 Nc4 36. Nxd5 Rxe1 37. Rxe1 Nxa5 38. Nf6 b5 39. Rd1+ Kc8 40. Rd6
Nb3+ 41. Kb2 Bc4 42. Rxa6 Kc7 43. Ra8 Rxa8 44. Bxa8 Nc5 45. Nxh7 Nd3+ 46. Kc2
Nxf4 47. Bf3 Ne6 48. Nf6 b4 49. Nd5+ Bxd5 50. Bxd5 Nf4 51. Bf7 bxc3 52. h5 Nh3
53. g6 1-0

[Event "Jm KP I 23-24 Jundrov C-Rudice"]
[Site "?"]
[Date "2024.03.24"]
[Round "57.8"]
[White "Sevcik, Martin"]
[Black "Vojtek, Pavel"]
[Result "0-1"]
[WhiteElo "1563"]
[BlackElo "1876"]
[PlyCount "58"]

1. d4 Nf6 2. Nf3 c5 3. e3 cxd4 4. exd4 g6 5. Bd3 Bg7 6. c3 O-O 7. Nbd2 d6 8.
O-O b6 9. Re1 Bb7 10. Qe2 Re8 11. Ne4 Nbd7 12. Bg5 Qc7 13. Rac1 h6 14. Bxf6
exf6 15. Qd1 f5 16. Ned2 Nf6 17. c4 Rxe1+ 18. Qxe1 Re8 19. Qd1 Ne4 20. Rc2 Qe7
21. d5 g5 22. Nxe4 fxe4 23. Re2 f5 24. Qa4 Bc8 25. Nd2 Qf7 26. Bb1 Be5 27. g4
Rf8 28. c5 bxc5 29. gxf5 Qh5 0-1

[Event "Jm KP I 23-24  Veseli - Hodonin"]
[Site "?"]
[Date "2024.03.24"]
[Round "58.1"]
[White "Hudecek, Jan"]
[Black "Havelka, Ondrej"]
[Result "0-1"]
[WhiteElo "2175"]
[BlackElo "2164"]
[PlyCount "61"]

1. d4 d5 2. Nf3 Nf6 3. c4 e6 4. g3 Be7 5. Bg2 O-O 6. O-O b6 7. cxd5 exd5 8. Nc3
Bb7 9. Ne5 c5 10. dxc5 Bxc5 11. Bg5 Be7 12. Nd3 Na6 13. Nf4 Nc7 14. Bxf6 Bxf6
15. Qb3 Bxc3 16. bxc3 g5 17. Nd3 Qe7 18. e3 Ba6 19. Rfd1 Rfd8 20. Nb2 Qc5 21.
Rd4 Rac8 22. Rad1 Bb7 23. Nd3 Qf8 24. Nb4 Ne6 25. Rxd5 Bxd5 26. Nxd5 Kh8 27.
Qa4 a5 28. h4 Qg7 29. hxg5 Qxg5 30. c4 Qg4 31. Rc1 {a dal to neslo cA st} 0-1

[Event "Jm KP I 23-24  Veseli - Hodonin"]
[Site "?"]
[Date "2024.03.24"]
[Round "58.2"]
[White "Pesak, Roman"]
[Black "Symersky, Petr"]
[Result "1/2-1/2"]
[WhiteElo "1945"]
[BlackElo "2087"]
[PlyCount "21"]

1. e4 e5 2. Nf3 Nc6 3. Bb5 a6 4. Ba4 Nf6 5. O-O b5 6. Bb3 Be7 7. Re1 d6 8. h3
O-O 9. c3 Na5 10. Bc2 c5 11. d3 1/2-1/2

[Event "Jm KP I 23-24  Veseli - Hodonin"]
[Site "?"]
[Date "2024.03.24"]
[Round "58.3"]
[White "Skalka, Jan"]
[Black "Provaznik, Michal"]
[Result "1-0"]
[WhiteElo "1966"]
[BlackElo "2090"]
[PlyCount "81"]

1. c4 e5 2. g3 f5 3. Nc3 Nf6 4. Nf3 d6 5. Bg2 g6 6. O-O Bg7 7. d4 e4 8. Ng5 h6
9. Nh3 O-O 10. f3 Nc6 11. fxe4 Nxe4 12. Nxe4 fxe4 13. e3 Bxh3 14. Bxh3 Rxf1+
15. Qxf1 Qe7 16. Bd2 Nxd4 17. exd4 Bxd4+ 18. Kh1 Rf8 19. Qd1 e3 20. Bc3 Bxc3
21. bxc3 e2 22. Qd5+ Kh7 23. Re1 Rf2 24. Qd4 Rf3 25. Bg2 Re3 26. Kg1 Re5 27.
Qf2 Re3 28. Bxb7 Rxc3 29. Rxe2 Qg7 30. Bd5 c6 31. Bxc6 Rxc4 32. Bd5 Rc7 33. Re1
h5 34. Rf1 h4 35. gxh4 Qe5 36. Bb3 d5 37. Qf4 Qe7 38. h5 Qc5+ 39. Kh1 d4 40.
hxg6+ Kg7 41. Qf6+ 1-0

[Event "Jm KP I 23-24  Veseli - Hodonin"]
[Site "?"]
[Date "2024.03.24"]
[Round "58.4"]
[White "Kladnak, Martin"]
[Black "Vrtal, Jaroslav"]
[Result "1-0"]
[WhiteElo "2041"]
[BlackElo "1974"]
[PlyCount "55"]

1. e4 c5 2. Nc3 d6 3. Bb5+ Bd7 4. Bxd7+ Nxd7 5. f4 e6 6. Nf3 Ngf6 7. O-O Be7 8.
d3 O-O 9. h3 a6 10. g4 b5 11. Kh2 b4 12. Ne2 c4 13. Ng3 cxd3 14. cxd3 h6 15. g5
hxg5 16. Nxg5 Nh7 17. Nxh7 Kxh7 18. Rg1 Rc8 19. Bd2 Qb6 20. Rg2 Qa5 21. a4 Qb6
22. Bxb4 Qxb4 23. Qh5+ Kg8 24. Nf5 Bf6 25. Nh6+ Kh7 26. Ng4+ Kg8 27. Nxf6+ Nxf6
28. Rxg7+ 1-0

[Event "Jm KP I 23-24  Veseli - Hodonin"]
[Site "?"]
[Date "2024.03.24"]
[Round "58.5"]
[White "Krizek, Frantisek"]
[Black "Travnicek, Petr"]
[Result "0-1"]
[WhiteElo "1959"]
[BlackElo "2061"]
[PlyCount "84"]

1. c4 Nf6 2. Nc3 g6 3. d4 Bg7 4. e4 d6 5. f3 O-O 6. Be3 e5 7. d5 Nh5 8. Qd2 f5
9. exf5 gxf5 10. O-O-O Nd7 11. Bd3 Nc5 12. Bb1 a5 13. Nge2 Kh8 14. Rdg1 Nf6 15.
Bg5 Qe8 16. h4 Ng8 17. Nb5 Rf7 18. Be3 b6 19. g4 e4 20. Ned4 fxg4 21. fxg4 Nf6
22. Nf5 Bxf5 23. gxf5 Qe5 24. Nd4 Re8 25. Rh3 Nh5 26. Ne6 Qxf5 27. Nxg7 Rxg7
28. Rxg7 Qxh3 29. Rg1 Qxh4 30. Qc3+ Re5 31. Bd4 Qf4+ 32. Qd2 Qxd2+ 33. Kxd2 Nf6
34. Rg5 Rxg5 35. Bxf6+ Rg7 36. Ke3 Kg8 37. Bxg7 Kxg7 38. b3 Kf6 39. Kf4 h5 40.
Bc2 h4 41. a3 h3 42. Kg3 e3 0-1

[Event "Jm KP I 23-24  Veseli - Hodonin"]
[Site "?"]
[Date "2024.03.24"]
[Round "58.6"]
[White "Skocik, Marek"]
[Black "Klenner, Richard"]
[Result "1-0"]
[WhiteElo "1964"]
[BlackElo "1977"]
[PlyCount "57"]

1. e4 d6 2. d4 Nf6 3. Nc3 c6 4. f4 Qa5 5. Bd3 e5 6. Nf3 Bg4 7. Be3 Nbd7 8. O-O
exf4 9. Bxf4 Be7 10. h3 Bh5 11. Qd2 O-O 12. Nd5 Qd8 13. Nxe7+ Qxe7 14. Rae1
Bxf3 15. Rxf3 Nh5 16. Bg5 f6 17. Be3 g6 18. Bh6 Rfe8 19. Bc4+ Kh8 20. g4 Ng7
21. Rfe3 a5 22. a4 b6 23. Qg2 Rac8 24. g5 Nh5 25. gxf6 Qxf6 26. c3 Nf4 27. Qg4
Ne6 28. Rf1 Qe7 29. Ref3 {dal necitelne,ale} 1-0

[Event "Jm KP I 23-24  Veseli - Hodonin"]
[Site "?"]
[Date "2024.03.24"]
[Round "58.7"]
[White "Navratil, Josef"]
[Black "Vlcko"]
[Result "1/2-1/2"]
[WhiteElo "1966"]
[BlackElo "1923"]
[PlyCount "87"]

1. b4 c6 2. Bb2 Qb6 3. a3 a5 4. c4 axb4 5. c5 Qc7 6. axb4 Rxa1 7. Bxa1 d5 8. d4
Nf6 9. Nd2 g6 10. Ngf3 Bg7 11. e3 O-O 12. Bd3 Bg4 13. Qb1 Bxf3 14. Nxf3 Nbd7
15. h3 Ra8 16. O-O Ne8 17. Be2 b6 18. Bc3 bxc5 19. bxc5 Nxc5 20. Qc2 Ne4 21.
Bb4 Rb8 22. Rb1 e6 23. Be1 Rxb1 24. Qxb1 c5 25. dxc5 Nxc5 26. Qb5 Nd6 27. Qa5
Qxa5 28. Bxa5 Nc4 29. Bb4 Ne4 30. Nd4 Bh6 31. Nc2 Ned6 32. Kf1 Bg7 33. f3 Nf5
34. Bc5 Ng3+ 35. Kf2 Nxe2 36. Kxe2 Bf8 37. Bd4 e5 38. Ba7 f5 39. g4 h5 40. gxh5
gxh5 41. Ne1 Kf7 42. Nd3 Bd6 43. f4 e4 44. Ne1 1/2-1/2

[Event "Jm KP I 23-24  Veseli - Hodonin"]
[Site "?"]
[Date "2024.03.24"]
[Round "58.8"]
[White "Taptic, Filip"]
[Black "Pistek, Jan"]
[Result "1/2-1/2"]
[WhiteElo "1899"]
[BlackElo "1917"]
[PlyCount "49"]

1. e4 c5 2. Nc3 Nc6 3. f4 d6 4. Bb5 Bd7 5. Nf3 e6 6. O-O Nge7 7. d3 a6 8. Bxc6
Nxc6 9. Qe1 Be7 10. Qg3 g6 11. Kh1 Qc7 12. Bd2 O-O-O 13. Rfe1 f5 14. Nd5 exd5
15. exd5 Bf6 16. dxc6 Bxc6 17. Ng5 Bxg5 18. fxg5 Qd7 19. Bc3 Rhe8 20. Bf6 Rxe1+
21. Rxe1 Re8 22. Kg1 Rxe1+ 23. Qxe1 Qe8 24. Qxe8+ Bxe8 25. Kf2 1/2-1/2

[Event "Jm KP I 23-24 Lipovec - Kurim B"]
[Site "?"]
[Date "2024.03.24"]
[Round "59.1"]
[White "Fojtik, Tomas"]
[Black "Soucek, Andrej"]
[Result "1/2-1/2"]
[WhiteElo "2063"]
[BlackElo "1825"]
[PlyCount "63"]
[EventDate "2024.??.??"]

1. c4 e5 2. g3 c6 3. Nf3 e4 4. Nd4 d5 5. Nc3 dxc4 6. e3 Bc5 7. Nc2 Nf6 8. Bxc4
Bf5 9. O-O Bh3 10. Re1 h5 11. d4 Bd6 12. Bf1 Qd7 13. Bg2 Bxg2 14. Kxg2 h4 15.
Rh1 Qf5 16. h3 hxg3 17. fxg3 Rh6 18. Qf1 Qg5 19. Ne2 Nh5 20. g4 Rf6 21. Nf4
Nxf4+ 22. exf4 Bxf4 23. Qe2 Qd5 24. Re1 e3+ 25. Qf3 Qxf3+ 26. Kxf3 Bg5+ 27. Kg3
Bf4+ 28. Kg2 Na6 29. Bxe3 O-O-O 30. Bxf4 Rxf4 31. Kg3 Rf6 32. Rad1 1/2-1/2

[Event "Jm KP I 23-24 Lipovec - Kurim B"]
[Site "?"]
[Date "2024.03.24"]
[Round "59.2"]
[White "Dumkova, Daniela"]
[Black "Pernicova, Tana"]
[Result "1/2-1/2"]
[WhiteElo "1933"]
[BlackElo "2035"]
[PlyCount "57"]
[EventDate "2024.??.??"]

1. d4 Nf6 2. c4 e6 3. g3 Be7 4. Bg2 O-O 5. Nf3 d6 6. O-O Nbd7 7. b3 Ne4 8. Qc2
f5 9. Bb2 Ndf6 10. Nc3 a6 11. Rad1 Qe8 12. Nd2 Nxd2 13. Rxd2 e5 14. Nd5 Bd8 15.
c5 e4 16. Nxf6+ Bxf6 17. e3 d5 18. b4 c6 19. a4 Bd8 20. Bc3 Bc7 21. Qb3 Rf6 22.
Rb2 Rh6 23. f4 exf3 24. Rxf3 Qh5 25. h3 Rg6 26. Be1 Qg5 27. Re2 Be6 28. b5 axb5
29. axb5 1/2-1/2

[Event "Jm KP I 23-24 Lipovec - Kurim B"]
[Site "?"]
[Date "2024.03.24"]
[Round "59.3"]
[White "Pokladnik, Martin"]
[Black "Tadeas, Bocek"]
[Result "1-0"]
[WhiteElo "2024"]
[BlackElo "2011"]
[PlyCount "157"]
[EventDate "2024.??.??"]

1. e4 c5 2. Nf3 Nc6 3. d4 cxd4 4. Nxd4 g6 5. c4 d6 6. Nc3 Nf6 7. Be2 Nxd4 8.
Qxd4 Bg7 9. Be3 O-O 10. Qd2 Qa5 11. O-O Be6 12. Rab1 Rfc8 13. b4 Qd8 14. c5 b6
15. Ba6 dxc5 16. Bxc8 Qxd2 17. Bxd2 Rxc8 18. Rfd1 Ng4 19. Nd5 Bxd5 20. exd5 Bd4
21. Be1 Rd8 22. bxc5 Bxc5 23. Rd2 Nf6 24. Rbd1 Bb4 25. Rd4 Bxe1 26. Rxe1 Rxd5
27. Rxd5 Nxd5 28. Rc1 Kg7 29. Kf1 Kf6 30. Ke2 Ke6 31. g3 Nb4 32. Kd2 Nxa2 33.
Rb1 a5 34. Rxb6+ Kd7 35. Rb5 Nb4 36. Rxa5 Nc6 37. Ra8 h5 38. Ke3 Ne5 39. h3 Ke6
40. Ra6+ Kf5 41. Ra5 Kf6 42. Ke4 Nc4 43. Rc5 Nd6+ 44. Kd5 Nb7 45. Rb5 Nd6 46.
Rb6 Kf5 47. Rb3 Kg5 48. Re3 Nf5 49. Re4 Kf6 50. Rf4 Kg5 51. Ke5 f6+ 52. Ke6 h4
53. Re4 hxg3 54. fxg3 Kh6 55. g4 Ng3 56. Re3 Nf1 57. Ra3 Kg5 58. Kxe7 f5 59.
gxf5 gxf5 60. Ke6 f4 61. Ke5 Ng3 62. Rf3 Nh5 63. Ra3 Ng3 64. Ra8 Nh5 65. Ke4
Kh4 66. Rh8 Kg5 67. Kf3 Kh4 68. Kg2 Kg5 69. Rg8+ Kf5 70. Kf3 Nf6 71. Rg1 Nh5
72. Rg4 Kf6 73. Ke4 Ng7 74. Kxf4 Ne6+ 75. Kg3 Ng7 76. Kh4 Kf7 77. Kg5 Ne6+ 78.
Kh6 Kf6 79. Rg6+ 1-0

[Event "Jm KP I 23-24 Lipovec - Kurim B"]
[Site "?"]
[Date "2024.03.24"]
[Round "59.4"]
[White "Kudla, Vladimir"]
[Black "Krejci, Petr"]
[Result "1/2-1/2"]
[WhiteElo "1938"]
[BlackElo "1916"]
[PlyCount "52"]
[EventDate "2024.??.??"]

1. e4 c5 2. c3 Nf6 3. e5 Nd5 4. Bc4 Nb6 5. Bb3 c4 6. Bc2 Nc6 7. Nf3 e6 8. O-O
d5 9. exd6 Bxd6 10. d4 cxd3 11. Qxd3 Qc7 12. Nbd2 Bd7 13. Ne4 Be7 14. a4 Nd5
15. Bg5 Bxg5 16. Nexg5 h6 17. Ne4 Nf4 18. Qd2 O-O 19. Nd6 Nd5 20. Nb5 Qb6 21.
Qd3 Nf6 22. b4 Ne7 23. c4 Bxb5 24. axb5 Rfd8 25. Qe2 a6 26. bxa6 Rxa6 1/2-1/2

[Event "Jm KP I 23-24 Lipovec - Kurim B"]
[Site "?"]
[Date "2024.03.24"]
[Round "59.5"]
[White "Sekanina, Jiri"]
[Black "Pesl, Jan"]
[Result "1-0"]
[WhiteElo "1987"]
[BlackElo "1863"]
[PlyCount "83"]
[EventDate "2024.??.??"]

1. e4 Nf6 2. e5 Nd5 3. d4 d6 4. c4 Nb6 5. exd6 exd6 6. Nc3 Be7 7. Be3 O-O 8.
Nf3 Bg4 9. h3 Bh5 10. Bd3 Nc6 11. g4 Bg6 12. d5 Bxd3 13. Qxd3 Ne5 14. Nxe5 dxe5
15. O-O-O Bg5 16. c5 Nd7 17. Ne4 Bxe3+ 18. Qxe3 Nf6 19. Nc3 Re8 20. Kb1 Qd7 21.
Rd2 a5 22. Rhd1 Rab8 23. f3 b5 24. Ne4 Nxe4 25. fxe4 a4 26. g5 b4 27. c6 Qd6
28. Rf1 Rb5 29. Rdf2 Rf8 30. Qg3 g6 31. h4 a3 32. Rf6 Qe7 33. b3 Rbb8 34. h5
Rbe8 35. Qf3 Kg7 36. Qh3 Qc5 37. hxg6 fxg6 38. Qh6+ Kg8 39. Rxf8+ Rxf8 40.
Rxf8+ Qxf8 41. Qxf8+ Kxf8 42. d6 1-0

[Event "Jm KP I 23-24 Lipovec - Kurim B"]
[Site "?"]
[Date "2024.03.24"]
[Round "59.6"]
[White "Nemec, Jakub"]
[Black "Mraz, Pavel"]
[Result "1-0"]
[WhiteElo "1842"]
[BlackElo "1961"]
[PlyCount "96"]
[EventDate "2024.??.??"]

1. e4 d5 2. exd5 Qxd5 3. d4 Bf5 4. c4 Qe4+ 5. Be3 Nc6 6. Nd2 Qc2 7. Qxc2 Bxc2
8. a3 a5 9. Ngf3 a4 10. c5 Na5 11. Rc1 Bb3 12. Nxb3 Nxb3 13. Rc3 Nf6 14. Bb5+
c6 15. Bxa4 Nxd4 16. Bxd4 Rxa4 17. Rb3 Ra7 18. O-O Nd7 19. Ne5 f6 20. Nxd7 Kxd7
21. Rd1 Kc7 22. Rbd3 Ra8 23. Bc3 e5 24. b4 Re8 25. a4 Be7 26. Kf1 Rd8 27. Ke2
Rxd3 28. Rxd3 Rd8 29. Rxd8 Kxd8 30. Kd3 Kd7 31. Kc4 Bf8 32. b5 Be7 33. b6 Kc8
34. Bb4 Kd7 35. a5 Bf8 36. Kd3 Be7 37. Ke4 g6 38. g4 Bf8 39. h4 Be7 40. h5 Kc8
41. hxg6 hxg6 42. g5 fxg5 43. Kxe5 g4 44. Ke6 Bh4 45. Be1 Kd8 46. Kf7 Kd7 47.
Kxg6 Be7 48. Kf5 Bxc5 1-0

[Event "Jm KP I 23-24 Lipovec - Kurim B"]
[Site "?"]
[Date "2024.03.24"]
[Round "59.7"]
[White "Sevcik, David"]
[Black "Bauer, Miroslav"]
[Result "1/2-1/2"]
[WhiteElo "1936"]
[BlackElo "1829"]
[PlyCount "60"]
[EventDate "2024.??.??"]

1. b3 c5 2. Bb2 e6 3. e3 Nf6 4. Nf3 Be7 5. d4 cxd4 6. Nxd4 O-O 7. Be2 d5 8. O-O
Nc6 9. Nxc6 bxc6 10. c4 dxc4 11. Bxc4 Bb7 12. Qe2 Qa5 13. Nc3 Qg5 14. Ba6 Bxa6
15. Qxa6 c5 16. Rfd1 Rfb8 17. Qc6 Rc8 18. Qb7 Bd8 19. Ne4 Nxe4 20. Qxe4 Bb6 21.
Rd7 Rd8 22. Rad1 Rxd7 23. Qxa8+ Qd8 24. Qxd8+ Rxd8 25. Rxd8+ Bxd8 26. Kf1 Kf8
27. Ke2 g6 28. Kd3 Ke7 29. Kc4 Kd6 30. Ba3 Bb6 1/2-1/2

[Event "Jm KP I 23-24 Lipovec - Kurim B"]
[Site "?"]
[Date "2024.03.24"]
[Round "59.8"]
[White "Cihal, Jan"]
[Black "Sevcik, Milan"]
[Result "1-0"]
[WhiteElo "1861"]
[BlackElo "1881"]
[PlyCount "133"]
[EventDate "2024.??.??"]

1. Nf3 Nf6 2. b3 b6 3. Bb2 Bb7 4. c4 c5 5. Nc3 d5 6. e3 e6 7. cxd5 exd5 8. d4
Nbd7 9. Rc1 Be7 10. Bd3 O-O 11. O-O h6 12. Qe2 Re8 13. Rfd1 a6 14. Bb1 Qb8 15.
Qc2 Nf8 16. Ne2 Bd6 17. Ng3 Bc8 18. dxc5 Bxg3 19. hxg3 bxc5 20. Bxf6 gxf6 21.
Qxc5 Be6 22. Qd4 Kg7 23. Nh4 Qe5 24. Qf4 Ng6 25. Nf5+ Bxf5 26. Qxf5 Red8 27.
Rc5 Qxf5 28. Bxf5 Ne7 29. g4 a5 30. Rc7 Kf8 31. Kf1 h5 32. Ke2 hxg4 33. Bxg4 a4
34. b4 a3 35. Bf3 Rab8 36. Ra7 Rxb4 37. Rxa3 Rb2+ 38. Rd2 Rdb8 39. Rad3 Rxd2+
40. Rxd2 Rb5 41. Kd3 f5 42. Kc3 Ra5 43. Kb3 Kg7 44. Rc2 Kf6 45. Kb4 Ra7 46. Kb5
Rb7+ 47. Ka4 Ke5 48. Ka3 Kd6 49. Rd2 Kc5 50. Rc2+ Kd6 51. Rd2 Kc5 52. Rd4 Ra7+
53. Kb3 Rb7+ 54. Kc3 Ra7 55. a4 Ra5 56. Bh5 f6 57. Be8 Kd6 58. Rb4 Ra8 59. Bb5
Kc5 60. Rh4 Ng6 61. Rh6 Rg8 62. g3 Rg7 63. Bd3 Ne7 64. Rxf6 Rg4 65. Bxf5 d4+
66. Kd3 Nxf5 67. Rxf5+ 1-0